Т. 8 : Кристаллические структуры соединений фтора; Кристаллохимия

Detalles Bibliográficos
Parent link:Кристаллохимия/ Академия наук СССР (АН СССР), Всесоюзный институт научной и технической информации (ВИНИТИ). Т. 8 : Кристаллические структуры соединений фтора.— , 1966-1993
Otros Autores: Бокий Г. Б. (редактор), Воронина И. П., Корытный Е. Ф., Анисимова М. П., Сухова А. Г., Гилинская Э. А.
Lenguaje:ruso
Publicado: 1972
Materias:
Formato: Libro
KOHA link:https://koha.lib.tpu.ru/cgi-bin/koha/opac-detail.pl?biblionumber=310592

MARC

LEADER 00000nam2a2200000 4500
001 310592
005 20231102002313.0
035 |a (RuTPU)RU\TPU\book\335942 
090 |a 310592 
100 |a 20151126d1972 k y0rusy50 ca 
101 0 |a rus 
102 |a RU 
105 |a a z 001zy 
200 0 |a Т. 8 : Кристаллические структуры соединений фтора  |f Г. Б. Бокий, И. П. Воронина, Е. Ф. Корытный [и др.]  |g науч. ред. Э. А. Гилинская 
210 |d 1972 
215 |a 129 с.  |c ил. 
320 |a Библиогр. в конце гл. 
320 |a Формульный указатель: с. 121-128 
461 1 |0 (RuTPU)RU\TPU\book\221399  |t Кристаллохимия  |f Академия наук СССР (АН СССР), Всесоюзный институт научной и технической информации (ВИНИТИ)  |v Т. 8 : Кристаллические структуры соединений фтора  |d 1966-1993  |s Кристаллохимия 
606 1 |a Кристаллохимия  |2 stltpush  |3 (RuTPU)RU\TPU\subj\16345  |9 42439 
610 1 |a фтор 
610 1 |a соединения 
610 1 |a кристаллические структуры 
675 |a 548.3  |v 3 
701 1 |a Бокий  |b Г. Б. 
701 1 |a Воронина  |b И. П. 
701 1 |a Корытный  |b Е. Ф. 
701 1 |a Анисимова  |b М. П. 
701 1 |a Сухова  |b А. Г. 
702 1 |a Гилинская  |b Э. А.  |4 340 
801 0 |a RU  |b 63413507  |c 20010227  |g PSBO 
801 1 |a RU  |b 63413507  |c 20151126 
801 2 |a RU  |b 63413507  |c 20201223  |g RCR 
942 |c BK